| 000 | 00775nam a2200229 a 4500 | ||
|---|---|---|---|
| 008 | 951121s1986||||[C 0 slo c | ||
| 020 |
_c25 Kčs. _q(5000 výtl.) |
||
| 040 |
_aSNK _bslo _cSNK _eAACR2 |
||
| 041 | 1 |
_aslo _hslo |
|
| 044 |
_axo _cSK |
||
| 080 | _a885.4-94 | ||
| 080 | _a929 Gregor, Martin | ||
| 100 | 1 |
_aGregorová, Magda _4aut |
|
| 245 | 1 | 0 |
_aMôj komediant _cMagda Gregorová ; Ladislav Vančo, Martin Gregor |
| 250 | _a1., vyd. | ||
| 260 |
_aBratislava _bSlovenský spisovateľ _c1986 _eMartin _fTlačiarne SNP |
||
| 300 |
_a224 s., 13,05 AH _bFot. _c21 cm |
||
| 500 | _aRozlož. ilustr. tit. list. Fot. na predsádkach. Súpis divadel. postáv M. Gregora. Mimo edície. | ||
| 700 | 1 |
_aVančo, Ladislav _4bkd |
|
| 700 | 1 |
_aGregor, Martin _4oth |
|
| 958 | _aA | ||
| 999 |
_c14911 _d14911 |
||